000 00352nam a2200133Ia 4500
008 230917s9999||||xx |||||||||||||| ||und||
040 _e92867
_aMAIN
041 _aEnglish
082 _a617.96 B227S
100 _aBansal, Meenakshi
245 0 _aStudy of pre-emptive analgesia with piroxicam min diagnostic laproscopy
300 _a68 p.
942 _cTH
999 _c87504
_d87504